000 00792nam a2200253Ia 4500
003 OSt
005 20220918171106.0
006 a|||||r|||| 00| 0
007 ta
008 220917b |||||||| |||| 00| 0 eng d
020 _a9781138790087 (hbk)
_cUKP 89.00
024 _a318,505
037 _b158, 01/03/2017, Classic Book Service
_cTextual
040 _aARTS
_cARTS
_beng
041 _2eng
_aeng
082 _aJ3, Q5
100 _aTrauger Amy Ed.
_934024
245 0 _aFood soverignty in international context
_b discourse, politics and practice of place
260 _aLondon
_bRoutledge UK
_c2015
300 _aix,238p.
_ccm.
650 _aFOOD
_934025
942 _hJ3, Q5
_cTEXL
_2CC
999 _c137820
_d137820